Pampeliškové víno /
Autorovy vzpomínky na dětství, které jsou plné poetiky, metafor a fantazie.
Uloženo v:
| Hlavní autor: | |
|---|---|
| Další autoři: | , |
| Médium: | E-audiokniha |
| Jazyk: | Czech |
| Vydáno: |
Praha :
Voxi,
[2021]
|
| Témata: | |
| Tagy: |
Žádné tagy |
| LEADER | 05238nim a2201153 i 4500 | ||
|---|---|---|---|
| 001 | 313100 | ||
| 003 | CZ PrSKC | ||
| 005 | 20260601215735.0 | ||
| 007 | sd fungnnmmned | ||
| 008 | 210512t20212021xr nnnng af n cze | ||
| 015 | |a cnb003323982 | ||
| 024 | 3 | |a 8594050431904 | |
| 040 | |a ABA001 |b cze |e rda | ||
| 041 | 1 | |d cze |h eng | |
| 045 | |a x2x2 | ||
| 072 | 7 | |a 821.111(73)-3 |x Americká próza |2 Konspekt | |
| 072 | 7 | |a 929 |x Biografie |2 Konspekt | |
| 080 | |a 821.111(73)-31 |2 MRF | ||
| 080 | |a 821.111(73)-051 |2 MRF | ||
| 080 | |a 929 |2 MRF | ||
| 080 | |a (0:82-312.6) |2 MRF | ||
| 080 | |a (086.7)08 |2 MRF | ||
| 080 | |a (086.76) |2 MRF | ||
| 100 | 1 | |a Bradbury, Ray, |d 1920-2012 |7 jn19990001008 |4 aut | |
| 240 | 1 | 0 | |a Dandelion wine. |l Česky |7 aun20201089061 |
| 245 | 1 | 0 | |a Pampeliškové víno / |c Ray Bradbury |
| 264 | 1 | |a Praha : |b Voxi, |c [2021] | |
| 264 | 4 | |c ©2021 | |
| 300 | |a 1 audiodisk (10 hod., 2 min.) ; |c 12 cm | ||
| 306 | |a 100200 | ||
| 336 | |a mluvené slovo |b spw |2 rdacontent | ||
| 337 | |a audio |b s |2 rdamedia | ||
| 338 | |a audiodisk |b sd |2 rdacarrier | ||
| 344 | |a digital |b optical |2 rda | ||
| 347 | |a audio soubor |b MP3 |2 rda | ||
| 500 | |a Název z disku | ||
| 500 | |a Z angličtiny přeložil Tomáš Hrách | ||
| 500 | |a Copyright Albatros Media | ||
| 500 | |a Nezkrácená audiokniha ve formátu mp3 | ||
| 500 | |a Podle stejnojmenné knihy vydané nakladatelstvím Kniha Zlín v roce 2020 | ||
| 508 | |a Režie Jakub Tabery | ||
| 511 | 0 | |a Čte Jiří Dvořák | |
| 520 | 2 | |a Autorovy vzpomínky na dětství, které jsou plné poetiky, metafor a fantazie. |b Léto roku 1928 v malém městečku ve státě Illinois je viděno očima dvanáctiletého chlapce. Tady se odehrávají závažné i malicherné problémy dospívání, uvědomování si vlastní existence, vyrovnávání se s realitou života a smrti uprostřed několikagenerační rodiny, přátel i typických figurek malého města. Půvabná, třebaže poněkud nostalgická knížka o dětství a o světě, který je nenávratně ztracený. | |
| 600 | 1 | 7 | |a Bradbury, Ray, |d 1920-2012 |7 jn19990001008 |2 czenas |
| 648 | 4 | |a 1928 | |
| 648 | 7 | |a 20.-21. století |7 ch462155 |2 czenas | |
| 650 | 0 | 7 | |a američtí spisovatelé |7 ph117171 |y 20.-21. století |2 czenas |
| 650 | 0 | 7 | |a američtí spisovatelé |7 ph117171 |x dětství |2 czenas |
| 655 | 7 | |a americké romány |7 fd131796 |2 czenas | |
| 655 | 7 | |a autobiografické romány |7 fd131852 |2 czenas | |
| 655 | 7 | |a audioknihy |7 fd119452 |2 czenas | |
| 655 | 7 | |a kompaktní disky |7 fd201991 |2 czenas | |
| 700 | 1 | |a Hrách, Tomáš, |d 1967-2000 |7 jo2002100677 |4 trl | |
| 700 | 1 | |a Dvořák, Jiří, |d 1967 únor 4.- |7 js20051205004 |4 nrt | |
| 900 | |a ABA001 |b 19 | ||
| 044 | |a xr | ||
| 505 | 0 | 0 | |t 01_Uvod (18 min., 58 sek.) |
| 505 | 0 | 0 | |t 02_Pampeliskove_vino (5 min., 59 sek.) |
| 505 | 0 | 0 | |t 03_Pampeliskove_vino (21 min., 18 sek.) |
| 505 | 0 | 0 | |t 04_Pampeliskove_vino (7 min., 37 sek.) |
| 505 | 0 | 0 | |t 05_Pampeliskove_vino (5 min., 54 sek.) |
| 505 | 0 | 0 | |t 06_Pampeliskove_vino (16 min., 54 sek.) |
| 505 | 0 | 0 | |t 07_Pampeliskove_vino (5 min., 18 sek.) |
| 505 | 0 | 0 | |t 08_Pampeliskove_vino (14 min., 22 sek.) |
| 505 | 0 | 0 | |t 09_Pampeliskove_vino (23 min., 5 sek.) |
| 505 | 0 | 0 | |t 10_Pampeliskove_vino (3 min., 9 sek.) |
| 505 | 0 | 0 | |t 11_Pampeliskove_vino (13 min., 24 sek.) |
| 505 | 0 | 0 | |t 12_Pampeliskove_vino (11 min., 11 sek.) |
| 505 | 0 | 0 | |t 13_Pampeliskove_vino (19 min., 52 sek.) |
| 505 | 0 | 0 | |t 14_Pampeliskove_vino (7 min., 49 sek.) |
| 505 | 0 | 0 | |t 15_Pampeliskove_vino (9 min., 5 sek.) |
| 505 | 0 | 0 | |t 16_Pampeliskove_vino (17 min., 24 sek.) |
| 505 | 0 | 0 | |t 17_Pampeliskove_vino (2 min., 16 sek.) |
| 505 | 0 | 0 | |t 18_Pampeliskove_vino (23 min., 24 sek.) |
| 505 | 0 | 0 | |t 19_Pampeliskove_vino (4 min., 20 sek.) |
| 505 | 0 | 0 | |t 20_Pampeliskove_vino (17 min., 59 sek.) |
| 505 | 0 | 0 | |t 21_Pampeliskove_vino (12 min., 18 sek.) |
| 505 | 0 | 0 | |t 22_Pampeliskove_vino (25 min., 36 sek.) |
| 505 | 0 | 0 | |t 23_Pampeliskove_vino (19 min., 2 sek.) |
| 505 | 0 | 0 | |t 24_Pampeliskove_vino (20 min., 40 sek.) |
| 505 | 0 | 0 | |t 25_Pampeliskove_vino (15 min., 55 sek.) |
| 505 | 0 | 0 | |t 26_Pampeliskove_vino (7 min., 13 sek.) |
| 505 | 0 | 0 | |t 27_Pampeliskove_vino (17 min., 54 sek.) |
| 505 | 0 | 0 | |t 28_Pampeliskove_vino (23 min., 49 sek.) |
| 505 | 0 | 0 | |t 29_Pampeliskove_vino (5 min., 51 sek.) |
| 505 | 0 | 0 | |t 30_Pampeliskove_vino (23 min., 42 sek.) |
| 505 | 0 | 0 | |t 31_Pampeliskove_vino (24 min., 51 sek.) |
| 505 | 0 | 0 | |t 32_Pampeliskove_vino (6 min., 2 sek.) |
| 505 | 0 | 0 | |t 33_Pampeliskove_vino (14 min., 28 sek.) |
| 505 | 0 | 0 | |t 34_Pampeliskove_vino (5 min., 45 sek.) |
| 505 | 0 | 0 | |t 35_Pampeliskove_vino (23 min., 11 sek.) |
| 505 | 0 | 0 | |t 36_Pampeliskove_vino (25 min., 56 sek.) |
| 505 | 0 | 0 | |t 37_Pampeliskove_vino (8 min., 37 sek.) |
| 505 | 0 | 0 | |t 38_Pampeliskove_vino (30 min., 43 sek.) |
| 505 | 0 | 0 | |t 39_Pampeliskove_vino (30 min., 41 sek.) |
| 505 | 0 | 0 | |t 40_Pampeliskove_vino (12 min., 22 sek.) |
| 910 | |a RBIT002 | ||
| 998 | |d 354354 |a https://core.palmknihy.cz/api/books/354354/cover?sn83l6 |b https://core.palmknihy.cz/api/books/354354/cover/400?sn83l6 |c https://core.palmknihy.cz/api/books/354354/cover/50?sn83l6 |e 2029-06-10 |i 8594050431904 |l 36000 |q 49 |r 1 |s https://www.palmknihy.cz/kniha/354354 |t audiobook |y 2021 |z 0 | ||
| 999 | |d 313098 | ||